000 00451nam a2200157 4500
001 112150
003 ES-MaACL
005 20230906185444.0
007 t|
008 061121s1920 it r ||||1| ita d
100 1 _aOrsini, Giustino Renato.
_987376
245 1 0 _aI filosofi cinici
_b: ( storia e sistema)) /
_cGiustino Renato Orsini.
260 _aTorino :
_bGiovanni Chiantore,
_c1920.
300 _a318 p. ;
_c20 cm.
852 _aES-MaACL
_jF-2814
999 _c112150
_d112150